Sir Douglas Haig's Command. December 19, 1915 - November 11, 1918. By G.A.B. Dewar. Assisted by LT.-COL. J.H. Boraston C.B
Uloženo v:
| Hlavní autor: | |
|---|---|
| Médium: | Kniha |
| Jazyk: | angličtina |
| Vydáno: |
Londres
Constable & Co. Ltd
1929
|
| Vydání: | 1a. ed |
| Témata: | |
| Tagy: |
Přidat tag
Žádné tagy, Buďte první, kdo vytvoří štítek k tomuto záznamu!
|
MARC
| LEADER | 00000nam a2200000 a 4500 | ||
|---|---|---|---|
| 001 | UCJ6882 | ||
| 003 | CL-VaPUC | ||
| 008 | 070124e19290000UK |||||||||||||||||eng|d | ||
| 082 | 0 | 4 | |a 940 |b DEW |2 21 |
| 100 | 0 | |a Dewar, G. A. B |e author |9 514379 | |
| 245 | 1 | 0 | |a Sir Douglas Haig's Command. December 19, 1915 - November 11, 1918. By G.A.B. Dewar. Assisted by LT.-COL. J.H. Boraston C.B |
| 250 | |a 1a. ed | ||
| 300 | |a xxiii, 789 p | ||
| 942 | |c BK | ||
| 945 | |d 20070124 00:00:00 |a rinostro | ||
| 260 | |a Londres |b Constable & Co. Ltd |c 1929 | ||
| 500 | |a Mapas conforme a lo señalado en índice | ||
| 500 | |a Two volumes in one | ||
| 600 | 0 | 7 | |a HAIG, DOUGLAS |2 CL-VaPUC |9 513768 |
| 600 | 0 | 7 | |a BORASTON, J. H |2 CL-VaPUC |9 514380 |
| 650 | 0 | |a Primera Guerra Mundial |9 373283 | |
| 650 | 7 | |a DOCUMENTOS HISTORICOS |2 CL-VaPUC |9 438868 | |
| 650 | 0 | |a Operaciones militares |9 372045 | |
| 650 | 0 | |a Mapas |9 260844 | |
| 651 | 0 | |a Inglaterra |9 255158 | |
| 651 | 0 | |a Francia |9 255157 | |
| 651 | 0 | |a Alemania |9 255688 | |
| 651 | 7 | |a BELGICA |2 CL-VaPUC |9 315122 | |
| 583 | |a last modification |c 20070124 00:00:00 |k Rodrigo Vera | ||
| 999 | |c 322984 |d 322982 | ||
| 952 | |0 0 |1 0 |4 0 |6 940_000000000000000_DEW_1929 |7 0 |8 X |9 402186 |a FDOBUD |b FDOBUD |d 2019-11-22 |i 1054406 |o 940 DEW 1929 |p 1054406 |r 2019-11-22 |w 2019-11-22 |y BK_X |k BUD | ||